000 00646nam a2200253Ia 4500
003 OSt
005 20221007071229.0
006 a|||||r|||| 00| 0
007 ta
008 221006b |||||||| |||| 00| 0 eng d
020 _a1854318047
024 _a8,746
037 _cTextual
040 _aFLL
_cFLL
_beng
041 _2eng
_aeng
082 _aX:321:Z, N8
100 _aStephenson G.
245 0 _aCommercial & consumer law
250 _a4th
260 _aLondon
_bBlackstone Press Limited London
_c1998
300 _axvi,231p
_ccm.
942 _hX:321:Z, N8
_cTEXL
_2CC
999 _c1142810
_d1142810